Электропривод переменного тока: учебное пособие
| Autor Principal: | |
|---|---|
| Autor Corporativo: | |
| Outros autores: | , |
| Summary: | Заглавие с титульного экрана Электронная версия печатной публикации В учебном пособии приведены примеры промышленных систем управления электроприводами переменного тока. Описана работа по функциональным схемам, даны особенности настройки. Рассмотрены вопросы расчета статических и динамических механических и электромеханических характеристик наиболее распространенных систем автоматизированного электропривода с двигателями переменного тока. Приведены схемы имитационных моделей для расчета динамических характеристик электроприводов переменного тока. Предназначено для студентов, обучающихся по специальности 140604 «Электропривод и автоматика промышленных установок и технологических комплексов», и магистров, обучающихся по магистерской программе 140611 «Электроприводы и системы управления электроприводов» направления подготовки 140600 «Электротехника, электромеханика и электротехнологии». Режим доступа: из корпоративной сети ТПУ |
| Idioma: | ruso |
| Publicado: |
Томск, Изд-во ТПУ, 2015
|
| Edición: | 2-е изд. |
| Subjects: | |
| Acceso en liña: | http://www.lib.tpu.ru/fulltext2/m/2015/m309.pdf |
| Formato: | MixedMaterials Electrónico Libro |
| KOHA link: | https://koha.lib.tpu.ru/cgi-bin/koha/opac-detail.pl?biblionumber=311928 |
MARC
| LEADER | 00000nlm0a2200000 4500 | ||
|---|---|---|---|
| 001 | 311928 | ||
| 005 | 20231227155849.0 | ||
| 035 | |a (RuTPU)RU\TPU\book\337294 | ||
| 090 | |a 311928 | ||
| 100 | |a 20151214d2015 m y0rusy50 ca | ||
| 101 | 0 | |a rus | |
| 102 | |a RU | ||
| 105 | |a a j 001zy | ||
| 135 | |a drcn ---uucaa | ||
| 181 | 0 | |a i | |
| 182 | 0 | |a b | |
| 200 | 1 | |a Электропривод переменного тока |e учебное пособие |f А. Ю. Чернышев, Ю. Н. Дементьев, И. А. Чернышев |g Национальный исследовательский Томский политехнический университет (ТПУ) | |
| 203 | |a Текст |c электронный | ||
| 205 | |a 2-е изд. | ||
| 210 | |a Томск |c Изд-во ТПУ |d 2015 | ||
| 300 | |a Заглавие с титульного экрана | ||
| 300 | |a Электронная версия печатной публикации | ||
| 330 | |a В учебном пособии приведены примеры промышленных систем управления электроприводами переменного тока. Описана работа по функциональным схемам, даны особенности настройки. Рассмотрены вопросы расчета статических и динамических механических и электромеханических характеристик наиболее распространенных систем автоматизированного электропривода с двигателями переменного тока. Приведены схемы имитационных моделей для расчета динамических характеристик электроприводов переменного тока. Предназначено для студентов, обучающихся по специальности 140604 «Электропривод и автоматика промышленных установок и технологических комплексов», и магистров, обучающихся по магистерской программе 140611 «Электроприводы и системы управления электроприводов» направления подготовки 140600 «Электротехника, электромеханика и электротехнологии». | ||
| 333 | |a Режим доступа: из корпоративной сети ТПУ | ||
| 337 | |a Adobe Reader | ||
| 606 | |a Электроприводы |2 stltpush |3 (RuTPU)RU\TPU\subj\20689 |9 45775 | ||
| 610 | 1 | |a электрические приводы | |
| 610 | 1 | |a электроприводы с асинхронными двигателями | |
| 610 | 1 | |a асинхронные двигатели | |
| 610 | 1 | |a регулирование | |
| 610 | 1 | |a векторное управление | |
| 610 | 1 | |a синхронные двигатели | |
| 610 | 1 | |a электрооборудование | |
| 610 | 1 | |a электрические машины | |
| 610 | 1 | |a учебные пособия | |
| 610 | 1 | |a электронный ресурс | |
| 610 | 1 | |a труды учёных ТПУ | |
| 675 | |a 62-83(075.8) |v 3 | ||
| 700 | 1 | |a Чернышев |b А. Ю. |c специалист в области электротехники |c доцент Томского политехнического университета, кандидат технических наук |f 1950- |g Александр Юрьевич |3 (RuTPU)RU\TPU\pers\27081 | |
| 701 | 1 | |a Дементьев |b Ю. Н. |c специалист в области электротехники |c доцент Томского политехнического университета, кандидат технических наук |f 1953- |g Юрий Николаевич |3 (RuTPU)RU\TPU\pers\25853 | |
| 701 | 1 | |a Чернышев |b И. А. |c специалист в области электротехники |c доцент Томского политехнического университета, кандидат технических наук |f 1972- |g Игорь Александрович |3 (RuTPU)RU\TPU\pers\27082 |9 12632 | |
| 712 | 0 | 2 | |a Национальный исследовательский Томский политехнический университет (ТПУ) |b Энергетический институт (ЭНИН) |b Кафедра электропривода и электрооборудования (ЭПЭО) |3 (RuTPU)RU\TPU\col\18674 |
| 801 | 1 | |a RU |b 63413507 |c 20120302 | |
| 801 | 2 | |a RU |b 63413507 |c 20160615 |g RCR | |
| 856 | 4 | |u http://www.lib.tpu.ru/fulltext2/m/2015/m309.pdf | |
| 942 | |c CF | ||